Statistiche per Province che non confinano con Città metropolitane

Clicka qui per fare il quiz!

Statistiche generali

  • Questo quiz è stato fatto 9 volte
  • Il punteggio medio è 28 su 38

Statistiche sulle risposte

RegioneProvincia% Corretto
LiguriaProvincia di Imperia
100%
UmbriaProvincia di Perugia
100%
Friuli-Venezia GiuliaEnte di decentramento regionale di Trieste
89%
PiemonteProvincia del Verbano-Cusio-Ossola
89%
MarcheProvincia di Ancona
89%
LombardiaProvincia di Sondrio
89%
UmbriaProvincia di Terni
89%
VenetoProvincia di Verona
89%
Trentino-Alto AdigeProvincia autonoma di Bolzano
78%
Trentino-Alto AdigeProvincia autonoma di Trento
78%
LombardiaProvincia di Brescia
78%
MoliseProvincia di Campobasso
78%
CalabriaProvincia di Crotone
78%
PugliaProvincia di Foggia
78%
PugliaProvincia di Lecce
78%
ToscanaProvincia di Livorno
78%
MarcheProvincia di Macerata
78%
LombardiaProvincia di Mantova
78%
VenetoProvincia di Vicenza
78%
VenetoProvincia di Belluno
67%
AbruzzoProvincia di Chieti
67%
LombardiaProvincia di Como
67%
CalabriaProvincia di Cosenza
67%
MarcheProvincia di Fermo
67%
ToscanaProvincia di Grosseto
67%
MoliseProvincia di Isernia
67%
ToscanaProvincia di Massa-Carrara
67%
SardegnaProvincia di Oristano
67%
AbruzzoProvincia di Pescara
67%
Emilia-RomagnaProvincia di Reggio Emilia
67%
Emilia-RomagnaProvincia di Rimini
67%
SardegnaProvincia di Sassari
67%
Friuli-Venezia GiuliaEnte di decentramento regionale di Gorizia
56%
MarcheProvincia di Ascoli Piceno
56%
LombardiaProvincia di Lecco
56%
SardegnaProvincia di Nuoro
56%
MarcheProvincia di Pesaro e Urbino
56%
AbruzzoProvincia di Teramo
56%

Distribuzione punteggi

Percentile per numero di risposta

Percentuale di utenti per punteggio

I tuoi punteggi nel tempo

Non hai fatto questo quiz